000 00951nam a2200229Ia 4500
003 Ost
005 20260507075051.0
008 260507s9999||||xx |||||||||||||| ||und||
040 _cfsecg
041 _aara
082 _a343.07
100 _aحمادة، محمد أنور
_eمؤلف
245 0 _aالنظام القانوني لبراءات الاختراع والرسوم والنماذج الصناعية /
_c محمد أنور حمادة
260 _aالاسكندرية:
_bدار الفكر الجامعي,
_c2002
300 _a102 صفحة؛
_bإيضاحات ؛
_c24 سم
504 _aالمراجع ص.99
520 _aبراءة الاختراع، تقديم وتقييم، الحماية القانونية لبراءات الاختراع والرسوم والنماذج الصناعية
653 _aالقانون
653 _aالملكية الصناعية
653 _aبراءات الإختراع
942 _cكتاب
999 _c42662
_d42662